000 00582nam a2200229Ia 4500
003 OSt
005 20220918230023.0
006 a|||||r|||| 00| 0
007 ta
008 220917b |||||||| |||| 00| 0 eng d
024 _a247,771
037 _cTextual
040 _aARTS
_cARTS
_beng
041 _2eng
_aeng
082 _aX61, K7;K9
100 _aJohnson Harry G.
245 0 _aEssays in monetary economics
260 _aLondon
_bGeorge UK
_c1969
650 _aECONOMICS
942 _hX61, K7;K9
_cTEXL
_2CC
999 _c286772
_d286772